000 02325nam a2200217 u 4500
001 000027249
003 DO-SdBNP
005 20250218095630.0
007 ta
008 100810s2010 dr r 000 0 spa d
020 _a9789945870770
040 _aDO-SdBNP
_bspa
_cBNPHU
082 4 _bC719
_222
245 0 0 _aColoquios 2009 /
_cÁngel Ortega ... [et al].
260 _aSanto Domingo :
_bDirección Nacional de la Feria del Libro.
_c2010.
300 _a240 p. :
_bil. ;
_c23 cm.
505 0 _aMujer y literatura: personajes y género en los cuentos de Clarice Lispector/ Ángel Ortega --- Juan Bosch, el historiador/ Jesús Méndez Jiminián -- Una década de narrativa en la literatura infantil y juvenil dominicana (1981-1990)/Juilo Cuevas -- El concretismo y la poesía brasileña/ Enrique Eusebio -- Las novelas de Juan Bosch vistas por un novelista/ Manuel Salvador Gautier -- Doña Flor y dos maridos o la sublimidad de lo común/ Sélvido Candelaria -- Literatura brasileña en el contexto de las letras latinoamericana/Sélvido Candelaria -- Trazos acerca de la oralidad en un cuento de Joao Guimareas Rosa/ José Enrique García -- El concretismo brasileño y su lingüístico/Plinio Chahín -- Bosch, sus cuentos y la memoria/Armando Almánzar R. -- Bosch y el cuento/Arturo Rodríguez Fernández-- Entre el taller literario César Vallejo y la Generación de 80/Juan Byron -- Juntacadáveres: consolidación de la saga onettiana/Nan Chevalier -- el pozo de Onetti/ Máximo Vega -- El César Vallejo y los ochenta: una historia desigual/ César Zapata -- Clarice Lispector o la imposibilidad de sofocar la ternura del espanto/ Ángela Hernández -- La música brasileña en la sala puertorriqueña/Alberto Martínez-Márquez -- Juan Bosch: ensayismo democrático, práctica histórico-política y vertiente cultural/Odalís G. Pérez -- Hilda Hilst abandona la vida disonante para comprender la música de la muerte/Cristiane Grando -- Juan Carlos Onetty y los territorios del cuento hispanoamericano/ Eugenio Camacho -- Nostalgia, ironía y huellas semiautobiográficas en La Mañosa/Eugenio García Cuevas -- Juan Bosch: el cuentista/Clara Jorge -- La música brasileña: memoria de un dominicana/José G. Guerrero.
590 _aInventariado, 2020 /LP
700 1 _aOrtega, Ángel
_924066
942 _2ddc
_cLBS1
999 _c26741
_d26741